LEADER 00925nam a2200241 i 4500 001 991002097539707536 005 20020507160108.0 008 000712s1991 uk ||| | eng 020 $a0198122667 035 $ab11608420-39ule_inst 035 $aLE02730419$9ExL 040 $aDip.to Studi Giuridici$bita 082 0 $a980 100 1 $aGreenblatt, Stephen$0175616 245 10$aMarvelous possessions :$bthe wonder of the new world :$bthe Clarendon lecturesand the Carpenter lectures 1988 /$cStephen Greenblatt 260 $aOxford :$bClarendon Press,$cc1991 300 $aix, 202 p., <8> p. di tav. ;$c24 cm. 907 $a.b11608420$b21-09-06$c02-07-02 912 $a991002097539707536 945 $aLE027 980.00 GRE01.01$g1$iLE027-7815$lle027$o-$pE0.00$q-$rl$s- $t0$u0$v0$w0$x0$y.i11822612$z02-07-02 996 $aMarvelous possessions$915255 997 $aUNISALENTO 998 $ale027$b01-01-00$cm$da $e-$feng$guk $h0$i1 LEADER 01992oam 2200637K 450 001 9910712905003321 005 20180924044904.1 024 8 $aGOVPUB-C13-a56c384e38c3dcd5c07619d3e309d26d 035 $a(CKB)5470000002499148 035 $a(OCoLC)952977138$z(OCoLC)822057459 035 $a(OCoLC)995470000002499148 035 $a(EXLCZ)995470000002499148 100 $a20160704d1976 ua 0 101 0 $aeng 135 $aurbn||||||abp 135 $aurbn||||||ada 181 $ctxt$2rdacontent 182 $cc$2rdamedia 183 $acr$2rdacarrier 200 14$aThe dynamics of fields of higher spin /$fRaymond W. Hayward 210 1$aWashington :$cU.S. Dept. of Commerce, National Bureau of Standards :$cFor sale by the Supt. of Docs., U.S. Govt. Print. Off.,$d1976. 215 $a1 online resource (iii, 94 pages) 225 1 $aNBS monograph ;$v154 320 $aIncludes bibliographical references. 606 $aNuclear spin 606 $aQuantum field theory 606 $aChamps, Th eorie quantique des 606 $aLorentz, Groupes de 606 $aLorentz, Transformations de 606 $aOndes de spin 606 $aSpin 606 $aNuclear spin$2fast 606 $aQuantum field theory$2fast 615 0$aNuclear spin. 615 0$aQuantum field theory. 615 6$aChamps, Th eorie quantique des. 615 6$aLorentz, Groupes de. 615 6$aLorentz, Transformations de. 615 6$aOndes de spin. 615 6$aSpin. 615 7$aNuclear spin. 615 7$aQuantum field theory. 676 $a602/.1 s 676 $a530.1/43 686 $aUK 1400$2rvk 700 $aHayward$b Raymond W.$f1921-2001.$01400891 712 02$aUnited States.$bNational Bureau of Standards. 801 0$bOCLCE 801 1$bOCLCE 801 2$bAZU 801 2$bOCLCF 801 2$bOCLCQ 906 $aBOOK 912 $a9910712905003321 996 $aThe dynamics of fields of higher spin$93468587 997 $aUNINA